| 000 | 01547nam a2200241 a 4500 | ||
|---|---|---|---|
| 001 | 9234 | ||
| 003 | CO-ViMGA | ||
| 008 | 141112s2004 ck r 000 u spa d | ||
| 020 | _a9580445893 | ||
| 040 |
_aCO-ViMGA _bspa _cCO-ViMGA |
||
| 082 | 0 | 4 | _a330 A185 |
| 100 | 1 |
_aAcosta, Fabian; Pachón, Efraín _99847 |
|
| 245 | 1 | 0 | _aEconomía y Política 10 |
| 260 |
_aBogotá : _b, _cNorma, _c1999. |
||
| 300 | _a2v. : il. | ||
| 505 | _aQue es, que estudia y evolucion de las ideas economicas 6 - 10 - - Produccion de bienes y servicios, sectores economicos y factores de produccion 11 - 16 - - Produccion, distribucion y consumo, sistema economico 17 - 21 - - El mercado, que es, cuales son sus actores 22 - 25 - - Inflacion, deflacion y canasta familiar 27 - 31 - - Moneda, medios de pago, dinero bancario 32 - 36 - - Ahorro, credito, margen de intermediacion y sistema financiero 37 - 48 - - Mercado de capitales, valores y bolsas 50 - 54 - - Sector publico, sector privado, manejo fiscal, presupuesto nacional, fuentes de ingresos 55 - 70 - - Comercio internacional, libre cambio, proteccionismo, balanza comercial 71 - 75 - - Política, formas de gobierno, poder, poderes publicos, medios de comunicacion 78 - 100 - - Estado colombiano, ideologia y ciencia, ideologias modernas, pensamiento politico, ideas liberales, sociedad civil 102 - 139 | ||
| 650 | 1 | 4 |
_aCOMERCIO INTERNACIONAL _99848 |
| 650 | 1 | 4 |
_aDEFLACION _99849 |
| 650 | 1 | 4 |
_aFINANZAS _99850 |
| 650 | 1 | 4 |
_aPARTIDOS POLITICOS _9200 |
| 650 | 1 | 4 |
_aPLAN DE DESARROLLO _99851 |
| 942 |
_2ddc _cBK |
||
| 999 |
_c20768 _d20768 |
||